パターン化された"エモ" - Statistics

General Stats
  • This quiz has been taken 19 times
  • The average score is 3 of 9
Answer Stats
エモ % Correct
純喫茶でクリームソーダ
56%
フィルムカメラで街を撮る
50%
硬いプリン
50%
自堕落な生活
31%
名画座
31%
アルコール
25%
古着屋
25%
薄暗い夜明け
13%
ミニシアター
13%
No matching quizzes found
Score Distribution
Percent of People with Each Score
Percentile by Number Answered
Your Score History
You have not taken this quiz